ბათუმის შოთა რუსთაველის სახელმწიფო უნივერსიტეტის ბიბლიოთეკა

Genderlinguistik: (ბიბ.ჩანაწერი № 61612)

000 -LEADER
fixed length control field 00707nam a22002057a 4500
005 - DATE AND TIME OF LATEST TRANSACTION
control field 20240329151018.0
008 - FIXED-LENGTH DATA ELEMENTS--GENERAL INFORMATION
fixed length control field 240329s2018 gw ||||| |||| 00| 0 ger d
020 ## - INTERNATIONAL STANDARD BOOK NUMBER
International Standard Book Number 9783823369134
041 ## - LANGUAGE CODE
Language code of text/sound track or separate title ger
080 ## - UNIVERSAL DECIMAL CLASSIFICATION NUMBER
Universal Decimal Classification number 811.112.2 K-77
100 ## - MAIN ENTRY--PERSONAL NAME
Personal name Kotthoff, Helga
9 (RLIN) 21633
245 ## - TITLE STATEMENT
Title Genderlinguistik:
Remainder of title Eine Einführung in Sprache, Gespräch und Geschlecht /
Statement of responsibility, etc. Helga Kotthoff, Damaris Nübling.
264 ## - PRODUCTION, PUBLICATION, DISTRIBUTION, MANUFACTURE, AND COPYRIGHT NOTICE
Place of production, publication, distribution, manufacture Tubingen :
Name of producer, publisher, distributor, manufacturer Narr,
Date of production, publication, distribution, manufacture, or copyright notice 2018.
300 ## - PHYSICAL DESCRIPTION
Extent 393 p.;
Other physical details 26 cm.
653 ## - INDEX TERM--UNCONTROLLED
keyword გენდერული ენა
653 ## - INDEX TERM--UNCONTROLLED
keyword ლინგვისტიკა
653 ## - INDEX TERM--UNCONTROLLED
keyword შესავალი ენაში
700 ## - ADDED ENTRY--PERSONAL NAME
Personal name Nübling, Damaris
Relator term ავტორი
9 (RLIN) 21634
942 ## - ADDED ENTRY ELEMENTS (KOHA)
Source of classification or shelving scheme
Koha item type წიგნი
ეგზემპლარები
Withdrawn status Lost status Source of classification or shelving scheme Damaged status Not for loan Permanent Location Current Location Shelving location Date acquired Cost, normal purchase price Full call number Barcode Date last seen Copy number Price effective from Koha item type Public note
          ბათუმის შოთა რუსთაველის სახელმწიფო უნივერსიტეტის მთავარი ბიბლიოთეკა ბათუმის შოთა რუსთაველის სახელმწიფო უნივერსიტეტის მთავარი ბიბლიოთეკა წიგნსაცავი 2024-03-29 142.00 811.112.2 K-77 67749 2024-03-29 67749 2024-03-29 წიგნი 142 ლ.
          ბათუმის შოთა რუსთაველის სახელმწიფო უნივერსიტეტის მთავარი ბიბლიოთეკა ბათუმის შოთა რუსთაველის სახელმწიფო უნივერსიტეტის მთავარი ბიბლიოთეკა წიგნსაცავი 2024-03-29 142.00 811.112.2 K-77 67750 2024-03-29 67750 2024-03-29 წიგნი 142 ლ.